c2c Stations - Statistics

General Stats
  • This quiz has been taken 111 times
  • The average score is 22 of 28
Answer Stats
Answer % Correct
Southend Central
98%
Barking
95%
Stratford
92%
West Ham
92%
London Fenchurch Street
90%
Shoeburyness
88%
Upminster
88%
Grays
87%
Limehouse
87%
London Liverpool Street
87%
Southend East
85%
Basildon
82%
Dagenham Dock
82%
Leigh-on-Sea
82%
Tilbury Town
82%
Chafford Hundred
80%
Rainham
80%
Ockendon
78%
Pitsea
77%
Benfleet
70%
East Tilbury
70%
Purfleet
67%
Thorpe Bay
67%
Westcliff
67%
West Horndon
67%
Laindon
62%
Chalkwell
60%
Stanford-le-Hope
58%
No matching quizzes found
Score Distribution
Percent of People with Each Score
Percentile by Number Answered
Your Score History
You have not taken this quiz